000 00356nam a22001217a 4500
008 180419b xxu||||| |||| 00| 0 eng d
041 _aeng
080 _a043.3
100 _a0
101 _aMBE-MTH
245 _aEkzaminimi i Kopnceptit te Menaxhmentit te Burimeve Njerezore ne Ndermarrjet e Vogla dhe te Mesme: Rasti i Kosoves
_cMusa, B
942 _2udc
_cBK
999 _c45302
_d45302